000 00253nam a22000857a 4500
008 160827b xxu||||| |||| 00| 0 eng d
100 _9252
_aMaanu Graphics
245 _aHind Swaraj or Indian Home rule:Mahatma Gandhi
260 _aNew Delhi
_bMaanu Graphics
_c1993
999 _c2908
_d2908